Preradenie na inú prácu súvisiace s materstvom

Materstvo, ktorému bezprostredne predchádza tehotenstvo, je spojené s mnohými zmenami, ktoré zasahujú tak do osobnej, ako aj do pracovnej sféry života. Priblíženie situácií, kedy je potrebné realizovať zmenu pracovných podmienok podmienených tehotenstvom a materstvom a zároveň poukázanie na následky...

Descrizione completa

Salvato in:
Dettagli Bibliografici
Autore principale: Fenciková, Katarína
Natura: Capitolo di libro
Lingua:slovacco
Soggetti:
Tags: Aggiungi Tag
Nessun Tag, puoi essere il primo ad aggiungerne!!

MARC

LEADER 00000naa a2200000 4500
001 0300165
005 20240426083655.9
041 0 |a slo 
044 |a SK 
245 1 0 |a Preradenie na inú prácu súvisiace s materstvom  |c Katarína Fenciková 
520 |a Materstvo, ktorému bezprostredne predchádza tehotenstvo, je spojené s mnohými zmenami, ktoré zasahujú tak do osobnej, ako aj do pracovnej sféry života. Priblíženie situácií, kedy je potrebné realizovať zmenu pracovných podmienok podmienených tehotenstvom a materstvom a zároveň poukázanie na následky, ktoré z toho môžu plynúť. 
610 2 0 |a pomer pracovný 
610 2 0 |a preradenie pracovníkov 
610 2 0 |a materstvo 
610 2 0 |a zamestnanci 
610 2 0 |a podmienky pracovné 
610 2 0 |a právo pracovné 
610 2 0 |a vzťahy pracovnoprávne 
610 2 0 |a zákonník práce 
100 1 |a Fenciková, Katarína